LEADER 01869nam a2200373 u 4500 001 000000041178 003 CaOOAMICUS 005 20070226114202.0 008 981028s1986 it u000 u ita u 035 $a10806734 040 $aBAV$bita$dPUL(R) 100 1 $aBugossi, Tomaso.$0(OLS)http://pul/name/19400 245 10$aMomenti di storia del rosminianesimo.$nVolume I,$pMorando e Billia /$cTomaso Bugossi. 246 30$aMorando e Billia 260 $aGenova :$bStudio editoriale di cultura ;$aStresa :$bLibreria editoriale Sodalitas,$c1986. 300 $a92 p. ;$c24 cm 490 1 $aBiblioteca di Studi rosminiani ;$v4 504 $aBibliografia: p. 75-87. 600 14$aMorando, Giuseppe,$d1866-1914$xCritica e interpretazione.$0(OLS)http://pul/subject/18577 600 14$aBillia, Lorenzo Michelangelo,$d1860-1924$xCritica e interpretazione.$0(OLS)http://pul/subject/18578 650 4$aFilosofia$ySec. XIX.$0(OLS)http://pul/subject/4784 650 4$aFilosofia$ySec. XX.$0(OLS)http://pul/subject/1924 830 0$aBiblioteca di Studi rosminiani ;$v4.$0(OLS)http://pul/title/55579 850 $aPUL 852 $aPUL$W1$xDP1 Fondo Giannini$y60$m1560 B 33$j55821$nBK-PRI$b $qFondi$B55821$CPULBib$Z2$F55821 $H $81 852 $aPUL$W1$xSL Filosofia 1$y2$m93 A 48$j55822$nBK-PRI$b $qStampati$B55822$CPULBib$Z2$F55822 $H $81 941 1 $a8 941 1 $a1 961 $aINV: Fondo G. Giannini 961 $aINV: 56565 996 $6245$aMomenti di storia del rosminianesimo.$nVolume I,$pMorando e Billia$9(OLS)http://pul/title/55582 996 $6246$aMorando e Billia$9(OLS)http://pul/title/55583 996 $6260$aGenova :$bStudio editoriale di cultura$9(OLS)http://pul/publisher/52511 996 $6260$aStresa :$bLibreria editoriale Sodalitas$9(OLS)http://pul/publisher/64502 LEADER 01232nam a2200313 a 4500 001 000000115089 003 CaOOAMICUS 005 20090331133112.0 008 090331s2009 it u000 u ita r 020 $z978-88-16-40867-8* 040 $aPUL$bita$dLDB 041 1 $aita$hfre 100 1 $aGorz, André,$d1923-$0(OLS)http://pul/name/36825 240 10$aÉcologica.$lItaliano.$0(OLS)http://pul/title/144631 245 10$aEcologica /$cAndré Gorz. 260 $aMilano :$bJaca Book,$c2009. 300 $a150 p. ;$c24 cm 490 1 $aTerra terra 490 1 $aDi fronte e attraverso ;$v867 504 $aBibliografia in nota. 650 4$aEcologia$xAspetti politici e sociali.$0(OLS)http://pul/subject/35211 830 0$aTerra terra.$0(OLS)http://pul/title/97917 830 0$aDi fronte e attraverso ;$v867.$0(OLS)http://pul/title/138 850 $aPUL 852 $aPUL$W1$xSL Diritto e Scienze Sociali 3$y79$m304. 2 GORAN 1$j131788$qDDC 21$B130771$CPULBib$Z2$F130771 $H110034 $82 941 1 $a9 996 $6020$z978-88-16-40867-8*$9(OLS)http://pul/number/140116 996 $6245$aEcologica$9(OLS)http://pul/title/144630 996 $6260$aMilano :$bJaca Book$9(OLS)http://pul/publisher/47900